01460 2200313 4500001002100000005001500021035002000036007000300056008004100059020002200100082001100122084002000133100002500153245008700178250003600265300004200301650002000343700002900363700002300392700001900415504003000434520053800464264003801002336002101040337003001061338002301091990001601114990001601130INLIS00000000116431020240812032056 a0010-0824000132ta240812 g 1 ind  a978-602-5912-40-5 a398.24 aSR 398.24 DON k0 aDoni Judianepenulis1 aKumpulan fabel nusantara /cDoni Judian, E.A. Pamungkas, Ibnu Aziz; editor, Endhiq aEdisi pertama, Cetakan I - 2019 avi, 272 halaman :bilustrasi ;c24 cm 4aCerita binatang0 aPamungkas, E.A.epenulis0 aIbnu Azizepenulis0 aEndhiqeeditor aBibliografi : halaman 267 aIndonesia kaya akan cerita, masing - masing daerah mempunyai ceritanya. Kisah - kisah tersebut berisi kebijaksanaan yang tinggi akan nilai moral. Membacanya bisa membuat kita belajar banyak dari kehidupan. Pelajaran itu akan membuat kita lebih bijaksana. Buku ini berisi kisah fabel - fabel yang ada di seluruh Nusantara. Terbentang dari Sabang sampai Merauke. Kita akan mengenal budaya masing - masing daerah. Dengan begitu, selain belajar kebijaksanaan dari kisah fabel masing - masing daerah, kita juga belajar memahami perbedaan. aYogyakarta :bPustaka Anak,c2019 2rdacontentateks 2rdamediaatanpa perantara 2rdacarrieravolume a53808.66628 a53809.66629